00237nam a2200085Ia 4500008004100000100003100041245005600072260000900128300001400137180219s9999 xx 000 0 und d aDomingo, James Christopher aAng finaccasimpleng aklat sa financial accounting / c2006 a595 pages